| 000 | 00575nam a2200193Ia 4500 | ||
|---|---|---|---|
| 999 |
_c30732 _d30732 |
||
| 003 | OSt | ||
| 005 | 20200805112941.0 | ||
| 008 | 190216s9999||||xx |||||||||||||| ||und|| | ||
| 020 | _a0070511586 | ||
| 040 | _coclc | ||
| 082 |
_a519.4 _bRAL/F |
||
| 100 |
_aRalston, Anthony _93971 |
||
| 245 | 0 |
_aA First Course In Numerical Analysis / _cAnthony Ralston ; Philip Rabinowitz |
|
| 250 | _a2nd Ed. | ||
| 260 |
_bMcgraw -hill Book Company, _c1985. _aSingapore: |
||
| 300 | _a556p | ||
| 650 | _aMathematics | ||
| 942 |
_cBK _2ddc _h519.4 _iRAL/F _k519.4 _mRAL/F |
||